[Event "PRO League Central 2017"]
[Site "chess.com INT"]
[Date "2017.01.11"]
[Round "1"]
[White "Zhou, Yang-Fan"]
[Black "Fawole, John Oyeyemi"]
[Result "1-0"]
[WhiteTitle "IM"]
[BlackTitle "FM"]
[WhiteElo "2462"]
[BlackElo "2186"]
[WhiteTeam "London Lions"]
[BlackTeam "Abuja Rockstars"]
[WhiteFideId "468584"]
[BlackFideId "8501319"]
[EventDate "2017.01.11"]

1. e4 e5 2. Nf3 Nc6 3. Bc4 Be7 4. O-O Nf6 5. d3 O-O 6. Re1 d6 7. a4 a6 8. Nbd2
Be6 9. a5 Qd7 10. c3 Bxc4 11. Nxc4 Nd8 12. d4 exd4 13. Nxd4 Ne6 14. Nf5 Rfd8 15.
Qc2 Bf8 16. Be3 Qc6 17. Nd2 Ng4 18. h3 Nf6 19. Nd4 Qd7 20. Rad1 Re8 21. f3 Rad8
22. c4 Qc8 23. Nb1 Nxd4 24. Bxd4 Nd7 25. Nc3 c6 26. b3 Re6 27. f4 Rde8 28. Bf2
Qc7 29. b4 Nf6 30. Bb6 Qb8 31. Bf2 Rd8 32. Kh1 Ree8 33. Bd4 Nd7 34. Qf2 Re7 35.
Ba7 Qc7 36. Qd2 Ree8 37. Bg1 d5 38. c5 dxe4 39. Rxe4 Nf6 40. Rd4 Rxd4 41. Qxd4
Qe7 42. Bf2 Qe6 43. Re1 Qc8 44. Rxe8 Qxe8 45. g4 Qe6 46. Kg2 Qb3 47. Bh4 Qb2+
48. Bf2 Qc1 49. Qe3 Qb2 50. Qd4 h6 51. f5 Qc2 52. Kf1 Qc1+ 53. Kg2 Qc2 54. Kf1
Be7 55. Kg2 Nh7 56. Qe4 Qxc3 57. Qxe7 Qxb4 58. Bg3 Ng5 59. h4 Qd2+ 60. Bf2 Qd5+
61. Kf1 Nh3 62. Be3 Qd1+ 63. Kg2 Qxg4+ 64. Kf1 Qxf5+ 65. Kg2 Nf4+ 66. Bxf4 Qxf4
67. Qxb7 Qe4+ 68. Kf1 Qc4+ 69. Kg2 Qxc5 70. Qxa6 Qd5+ 71. Kf2 c5 72. Qc8+ Kh7
73. a6 Qd4+ 74. Kf3 Qd5+ 75. Kf2 Qd2+ 76. Kf3 Qd1+ 77. Kf2 Qc2+ 78. Kf3 Qd3+ 79.
Kf2 c4 80. Qb7 Qd2+ 81. Kf3 Qd1+ 82. Kf2 Qd4+ 83. Kf3 Qxh4 84. Qe4+ Qxe4+ 85.
Kxe4 f5+ 86. Kd4 f4 87. a7 f3 88. a8=Q f2 89. Qf3 1-0

[Event "PRO League Central 2017"]
[Site "chess.com INT"]
[Date "2017.01.11"]
[Round "1"]
[White "Johannesson, Ingvar Thor"]
[Black "Kollars, Dmitrij"]
[Result "1/2-1/2"]
[WhiteTitle "FM"]
[BlackTitle "IM"]
[WhiteElo "2377"]
[BlackElo "2500"]
[WhiteTeam "Reykjavik Puffins"]
[BlackTeam "Hamburg Swashbucklers"]
[WhiteFideId "2301490"]
[BlackFideId "12909572"]
[EventDate "2017.01.11"]

1. c4 Nf6 2. g3 g6 3. Bg2 Bg7 4. Nf3 O-O 5. O-O d6 6. Nc3 Nc6 7. Rb1 a5 8. a3 e5
9. d3 Bf5 10. Bg5 h6 11. Bxf6 Bxf6 12. b4 axb4 13. axb4 Qd7 14. b5 Ne7 15. Nd2
c6 16. Qb3 Bh3 17. Nde4 Kg7 18. Nxf6 Kxf6 19. Ne4+ Kg7 20. Bxh3 Qxh3 21. Nxd6 h5
22. f3 Qd7 23. c5 Nf5 24. Nxf5+ Qxf5 25. Qc3 Ra2 26. Rb2 Rxb2 27. Qxb2 Re8 28.
bxc6 bxc6 29. e4 Qd7 30. Rd1 Qe7 31. d4 Rd8 32. Qc3 exd4 33. Rxd4 Qf6 34. Rd3
Qxc3 35. Rxc3 Kf6 36. Kf2 Rd2+ 37. Ke3 Rxh2 38. Rd3 Rc2 39. Rd6+ Ke7 40. Rxc6 g5
41. Rh6 Rxc5 42. Rxh5 Rc3+ 43. Kf2 Kf6 44. Rh6+ Kg7 45. Rd6 f6 46. Rd7+ Kg6 47.
Rd5 Rb3 48. Rd2 Kf7 49. Ke2 Ke6 50. Rd3 Rb2+ 51. Rd2 Rb1 52. Ra2 Rg1 53. Kf2 Rh1
54. Ra6+ Ke5 55. Ke3 Re1+ 56. Kf2 Rb1 57. Ra5+ Ke6 58. Rf5 Rb3 59. g4 Rc3 60. e5
fxe5 61. Rxg5 Rc2+ 62. Ke3 Rc3+ 63. Ke2 Ra3 64. Rh5 Ra2+ 65. Ke3 Ra3+ 66. Kf2
Ra2+ 67. Kg3 Ra3 68. Rh6+ Kf7 69. Kf2 Rb3 70. Ra6 Rc3 71. Ra4 Kf6 72. Re4 Rc1
73. Ra4 Rc3 74. Ra6+ Kf7 75. Ke2 Rb3 76. Ra4 Kf6 77. Ra8 Rb2+ 78. Ke3 Rb3+ 79.
Kf2 Rc3 80. Rf8+ Ke7 81. Rf5 Ke6 82. Ke2 Ra3 83. Kf2 Rb3 84. Rh5 Kf6 85. Rf5+
Ke6 86. Rh5 Kf6 87. Rf5+ Ke6 88. Kg3 e4 89. Rf4 exf3 90. Rxf3 Rxf3+ 91. Kxf3 Kf6
92. Kg3 Kg5 93. Kh3 Kg6 94. Kh4 Kh6 95. g5+ Kg6 96. Kg4 Kg7 97. Kh5 Kh7 98. g6+
Kg7 99. Kg5 Kg8 100. Kf6 Kf8 101. Ke6 Kg7 102. Kf5 Kg8 103. Kf6 Kf8 104. Kg5 Kg7
105. Kh5 Kg8 106. Kg4 Kg7 107. Kg5 Kg8 108. Kf5 Kg7 109. Kg5 Kg8 110. Kf6 Kf8
111. Kf5 Kg7 112. Kg5 Kg8 113. Kf5 Kg7 114. Kg5 1/2-1/2

[Event "PRO League Central 2017"]
[Site "chess.com INT"]
[Date "2017.01.18"]
[Round "2"]
[White "Ghasi, Ameet K"]
[Black "Lalic, Bogdan"]
[Result "1/2-1/2"]
[WhiteTitle "IM"]
[BlackTitle "GM"]
[WhiteElo "2455"]
[BlackElo "2443"]
[WhiteTeam "London Towers"]
[BlackTeam "London Lions"]
[WhiteFideId "409200"]
[BlackFideId "409081"]
[EventDate "2017.01.11"]

1. Nf3 Nf6 2. d4 b6 3. Bg5 Bb7 4. Bxf6 gxf6 5. g3 f5 6. Bg2 Bg7 7. O-O e6 8.
Nbd2 O-O 9. c3 d6 10. Qc2 Nd7 11. Nh4 Bxg2 12. Nxg2 d5 13. Rfd1 c5 14. c4 cxd4
15. cxd5 Rc8 16. Qb1 Qe7 17. Nf3 d3 18. Rxd3 Nc5 19. Re3 Ne4 20. Nf4 Bh6 21.
Rxe4 fxe4 22. Qxe4 Qf6 23. Nd3 exd5 24. Qxd5 Rc2 25. Re1 Re8 26. Kf1 Bg7 27. Qb3
Rec8 28. h4 Qf5 29. Qa3 a5 30. Qd6 Bxb2 31. Qxb6 Bc3 32. Rb1 Rxa2 33. Kg2 Rxe2
34. Nf4 Rc2 35. Rb5 Qd7 36. Rg5+ Kh8 37. Nd5 Qe6 38. Qxe6 fxe6 39. Nxc3 R2xc3
40. Rxa5 R3c7 41. Ng5 Re7 42. Re5 Rce8 43. Kh3 h6 44. Ne4 Kg7 45. f4 Rd8 46. f5
Kf7 47. f6 Rc7 48. Rh5 Kg6 49. Re5 Kf7 50. Rh5 Kg6 51. Re5 Kf7 1/2-1/2

[Event "PRO League Central 2017"]
[Site "chess.com INT"]
[Date "2017.01.18"]
[Round "2"]
[White "Ghasi, Ameet K"]
[Black "Tan, Justin2"]
[Result "1-0"]
[WhiteTitle "IM"]
[BlackTitle "IM"]
[WhiteElo "2455"]
[BlackElo "2451"]
[WhiteTeam "London Towers"]
[BlackTeam "London Lions"]
[WhiteFideId "409200"]
[BlackFideId "3206882"]
[EventDate "2017.01.11"]

1. Nf3 c5 2. g3 g6 3. Bg2 Bg7 4. O-O Nc6 5. d3 d6 6. c3 e5 7. e4 Nge7 8. a3 O-O
9. Nbd2 h6 10. b4 Be6 11. Nb3 c4 12. dxc4 Bxc4 13. Re1 a6 14. Nfd2 Be6 15. c4
Qd7 16. Bb2 Rfd8 17. Rc1 Rac8 18. Qe2 Nd4 19. Qd3 Nxb3 20. Nxb3 Qa4 21. Na5 b6
22. Nb7 Rd7 23. Nxd6 Rc6 24. c5 bxc5 25. bxc5 Nc8 26. Red1 Nxd6 27. cxd6 Rcxd6
28. Qxd6 Rxd6 29. Rxd6 Qb3 30. Rd2 h5 31. Rc3 Qb6 32. Bf1 Qb7 33. Bc4 Bh3 34.
Bd5 Qe7 35. Rdc2 Qf6 36. Rd3 Kh7 37. Rc6 Qe7 38. Rb3 a5 39. a4 h4 40. Bc1 Bh6
41. Bxh6 Kxh6 42. Rc1 Qg5 43. Re3 f6 44. Rc7 1-0

[Event "PRO League Central 2017"]
[Site "chess.com INT"]
[Date "2017.01.18"]
[Round "2"]
[White "Spoelman, Wouter"]
[Black "Pruijssers, Roeland"]
[Result "0-1"]
[WhiteTitle "GM"]
[BlackTitle "GM"]
[WhiteElo "2584"]
[BlackElo "2502"]
[WhiteTeam "Amsterdam Mosquitos"]
[BlackTeam "Apeldoorn Apes"]
[WhiteFideId "1010891"]
[BlackFideId "1013068"]
[EventDate "2017.01.11"]

1. c4 f5 2. Nc3 Nf6 3. g3 g6 4. Bg2 Bg7 5. Nf3 O-O 6. O-O d6 7. d3 e5 8. Rb1 a5
9. a3 Na6 10. b4 axb4 11. axb4 c6 12. Qc2 Nc7 13. Bb2 Bd7 14. Ra1 Qe7 15. Nd2 g5
16. Na4 Ra6 17. Nc3 Raa8 18. b5 Ne6 19. e3 f4 20. Nde4 Nxe4 21. Rxa8 Rxa8 22.
Nxe4 g4 23. Re1 f3 24. Bf1 cxb5 25. Nc3 bxc4 26. Nd5 Qf7 27. dxc4 Ra6 28. Rd1
Ba4 29. Qd2 Bxd1 30. Qxd1 Nc5 31. h3 h5 32. hxg4 hxg4 33. e4 Bh6 34. Nb4 Rb6 35.
Bxe5 Rxb4 36. Bxd6 Bf8 37. Bxc5 Bxc5 38. Qd8+ Bf8 39. Qg5+ Qg7 40. Qd5+ Kh8 41.
Qh5+ Kg8 42. Qd5+ Qf7 43. Qg5+ Bg7 44. Qd8+ Kh7 45. Qh4+ Bh6 46. Qxg4 Rb1 47. e5
Re1 48. Qd4 Qf5 0-1

[Event "PRO League Central 2017"]
[Site "chess.com INT"]
[Date "2017.01.18"]
[Round "2"]
[White "Spoelman, Wouter"]
[Black "Warmerdam, Max"]
[Result "1/2-1/2"]
[WhiteTitle "GM"]
[BlackTitle "FM"]
[WhiteElo "2584"]
[BlackElo "2350"]
[WhiteTeam "Amsterdam Mosquitos"]
[BlackTeam "Apeldoorn Apes"]
[WhiteFideId "1010891"]
[BlackFideId "1048104"]
[EventDate "2017.01.11"]

1. c4 Nf6 2. Nc3 g6 3. g3 Bg7 4. Bg2 O-O 5. b4 c6 6. Bb2 d5 7. cxd5 cxd5 8. Nf3
Nc6 9. b5 Na5 10. d3 b6 11. O-O Bb7 12. Rc1 Rc8 13. e3 Nd7 14. Qd2 Nc5 15. h4 e5
16. Qe2 e4 17. Ne1 exd3 18. Nxd3 Nxd3 19. Qxd3 d4 20. exd4 Bxg2 21. Kxg2 Qxd4
22. Qxd4 Bxd4 23. Nd5 Rcd8 24. Ne7+ Kg7 25. Bxd4+ Rxd4 26. Rc7 Rd2 27. a4 Rfd8
28. Rxa7 Ra2 29. Nc6 Nxc6 30. bxc6 Rdd2 31. c7 Rdc2 32. Kg1 b5 33. Rb1 Rxa4 34.
Rb7 Rac4 35. R1xb5 Rxc7 36. Rxc7 Rxc7 1/2-1/2

[Event "PRO League Central 2017"]
[Site "chess.com INT"]
[Date "2017.01.18"]
[Round "2"]
[White "Pert, Richard G"]
[Black "Fernandez, Daniel Howard"]
[Result "1-0"]
[WhiteTitle "IM"]
[BlackTitle "IM"]
[WhiteElo "2414"]
[BlackElo "2473"]
[WhiteTeam "London Towers"]
[BlackTeam "London Lions"]
[WhiteFideId "404748"]
[BlackFideId "5801605"]
[EventDate "2017.01.11"]

1. d4 b5 2. Bg5 Bb7 3. e3 b4 4. Nf3 Qc8 5. Bd3 e6 6. c4 c5 7. O-O Be7 8. d5 exd5
9. cxd5 d6 10. e4 Nd7 11. Nbd2 Ba6 12. Nc4 Bxc4 13. Bxc4 Bxg5 14. Nxg5 Ngf6 15.
f4 O-O 16. Qd3 Nb6 17. e5 dxe5 18. fxe5 Qg4 19. exf6 Qxg5 20. fxg7 Qxg7 21. Rf4
Kh8 22. Raf1 Rad8 23. b3 Rd6 24. Qe3 Nd7 25. Qe7 Qe5 26. Rxf7 Qxe7 27. Rxe7
Rxf1+ 28. Kxf1 Nb6 29. Rxa7 Nxd5 30. Bxd5 Rxd5 31. Ke2 h5 32. Rc7 Kg8 33. Ke3
Kf8 34. Ke4 Rd2 35. Rxc5 Rxg2 36. Rxh5 Rxa2 37. Kd3 Rg2 38. Rh4 Ke7 39. Kc4 Kd6
40. Kxb4 Kc6 41. Rh6+ Kb7 42. h4 Rf2 43. Ka4 Rf4+ 44. b4 Rf5 45. Rg6 Rh5 46. Rg4
Rf5 47. Kb3 Rf1 48. Kc4 Kc6 49. Rd4 Rh1 50. Kd3 Rh3+ 51. Ke2 Kb5 52. Kf2 Ka4 53.
Kg2 Rc3 54. h5 Rc8 55. Rh4 Rc2+ 56. Kf3 Rc3+ 57. Ke2 Rc2+ 58. Kd1 Kb3 59. h6 Kb2
60. h7 1-0

[Event "PRO League Central 2017"]
[Site "chess.com INT"]
[Date "2017.01.18"]
[Round "2"]
[White "Pert, Richard G"]
[Black "Adair, James R"]
[Result "0-1"]
[WhiteTitle "IM"]
[BlackTitle "IM"]
[WhiteElo "2414"]
[BlackElo "2480"]
[WhiteTeam "London Towers"]
[BlackTeam "London Lions"]
[WhiteFideId "404748"]
[BlackFideId "406252"]
[EventDate "2017.01.11"]

1. d4 Nf6 2. Bg5 d5 3. e3 c5 4. Bxf6 gxf6 5. dxc5 Nc6 6. Nc3 e6 7. Qh5 Bxc5 8.
O-O-O f5 9. g4 fxg4 10. e4 Qf6 11. exd5 Ne5 12. Kb1 Qf5 13. Qxf5 exf5 14. Re1 f6
15. f4 gxf3 16. Nxf3 Kf7 17. Nxe5+ fxe5 18. Rxe5 Kf6 19. Re1 Bd7 20. Bd3 Rae8
21. Ref1 Be3 22. Nd1 Bb6 23. c4 Rhg8 24. Nc3 Be3 25. d6 Ke5 26. Nd5 Bd4 27. Rf4
Rg4 28. Rxg4 fxg4 29. Bxh7 Kxd6 30. Rd1 Kc5 31. Nc7 Rh8 32. Bc2 Rxh2 33. b4+
Kxb4 34. Rxd4 g3 35. Rxd7 g2 36. Nd5+ Ka3 37. Rg7 Rh1+ 38. Bd1 Rxd1+ 39. Kc2
g1=Q 0-1

[Event "PRO League Central 2017"]
[Site "chess.com INT"]
[Date "2017.01.18"]
[Round "2"]
[White "Bitalzadeh, Ali"]
[Black "Pruijssers, Roeland"]
[Result "1-0"]
[WhiteTitle "IM"]
[BlackTitle "GM"]
[WhiteElo "2388"]
[BlackElo "2502"]
[WhiteTeam "Amsterdam Mosquitos"]
[BlackTeam "Apeldoorn Apes"]
[WhiteFideId "1010972"]
[BlackFideId "1013068"]
[EventDate "2017.01.11"]

1. d4 f5 2. g3 Nf6 3. Bg2 g6 4. c4 Bg7 5. Nc3 O-O 6. Nf3 d6 7. O-O c6 8. Rb1 Na6
9. b4 Nc7 10. Qb3 Ne4 11. Nxe4 fxe4 12. Ng5 Bxd4 13. Nxe4 Bf5 14. Bh6 Bg7 15.
Bxg7 Kxg7 16. Rbd1 Qe8 17. f4 a5 18. b5 Bxe4 19. Bxe4 Ne6 20. bxc6 bxc6 21. Qb6
Nc5 22. Bxc6 Qb8 23. Qb5 Ra7 24. Rb1 Qc7 25. Bd5 e6 26. Bf3 Ra6 27. Kg2 h6 28.
Qb2+ Kh7 29. Qc2 Kg7 30. Rb5 Qe7 31. Rfb1 Ra7 32. Rd1 Ra6 33. Qc3+ Qf6 34. Qxf6+
Kxf6 35. e4 Rc8 36. Rxd6 Rxd6 37. e5+ Ke7 38. exd6+ Kxd6 39. Rxa5 e5 40. Ra8 Rc7
41. Rg8 exf4 42. gxf4 Ne6 43. Rxg6 Ke7 44. Kg3 Rxc4 45. Rxh6 Nd4 46. Be4 Ra4 47.
f5 Ra3+ 48. Kf4 Ne2+ 49. Ke5 Ra5+ 50. Bd5 Nc3 51. f6+ Kd8 52. Rh8+ Kd7 53. f7
Nxd5 54. f8=Q Nc7+ 55. Ke4 Ra4+ 56. Kd3 1-0

[Event "PRO League Central 2017"]
[Site "chess.com INT"]
[Date "2017.01.18"]
[Round "2"]
[White "Bitalzadeh, Ali"]
[Black "Warmerdam, Max"]
[Result "1-0"]
[WhiteTitle "IM"]
[BlackTitle "FM"]
[WhiteElo "2388"]
[BlackElo "2350"]
[WhiteTeam "Amsterdam Mosquitos"]
[BlackTeam "Apeldoorn Apes"]
[WhiteFideId "1010972"]
[BlackFideId "1048104"]
[EventDate "2017.01.11"]

1. d4 Nf6 2. c4 g6 3. Nc3 Bg7 4. e4 d6 5. Bg5 O-O 6. Qd2 c5 7. d5 e6 8. Bd3 exd5
9. cxd5 Re8 10. Nge2 a6 11. a4 Nbd7 12. O-O b6 13. Ng3 Bb7 14. Be2 Qc7 15. b3
Rab8 16. Rac1 Bc8 17. Qf4 Rb7 18. Bxa6 Ra7 19. Nb5 Qb8 20. Bxc8 Rxc8 21. Nxa7
Qxa7 22. Qxd6 Ng4 23. Qf4 h5 24. Qd2 b5 25. axb5 Qb6 26. Qe2 Bd4 27. h3 Nge5 28.
Rfd1 Ra8 29. Be3 Qf6 30. Qd2 Qh4 31. Bxd4 cxd4 32. Qxd4 Rb8 33. b6 Rxb6 34. Rc8+
Kh7 35. Qe3 Rf6 36. Rf1 Rf4 37. Ra1 Nf6 38. Ne2 Rxe4 39. Rh8+ Kxh8 40. Qh6+ Kg8
41. Ra8+ Ne8 42. Rxe8# 1-0

[Event "PRO League Central 2017"]
[Site "chess.com INT"]
[Date "2017.01.18"]
[Round "2"]
[White "Astaneh Lopez, Alex"]
[Black "Svane, Rasmus"]
[Result "1-0"]
[WhiteTitle "IM"]
[BlackTitle "GM"]
[WhiteElo "2417"]
[BlackElo "2560"]
[WhiteTeam "Dublin Desperados"]
[BlackTeam "Hamburg Swashbucklers"]
[WhiteFideId "2501430"]
[BlackFideId "4657101"]
[EventDate "2017.01.11"]

1. Nf3 d5 2. b3 Bg4 3. Bb2 e6 4. e3 Nf6 5. h3 Bh5 6. Be2 Nbd7 7. c4 c6 8. O-O
Bd6 9. d4 O-O 10. Ne5 Bxe2 11. Qxe2 Ne4 12. Nd2 Ndf6 13. Nd3 a5 14. a4 Qe7 15.
Rfe1 Rfd8 16. Nxe4 Nxe4 17. f3 Ng3 18. Qc2 Qh4 19. Qf2 Qg5 20. e4 Qg6 21. Qe3
Bc7 22. Rac1 Rac8 23. cxd5 exd5 24. e5 Nf5 25. Qf2 h5 26. g4 hxg4 27. fxg4 Nh6
28. Nf4 Qg5 29. Rcd1 Re8 30. Bc1 Qe7 31. Nh5 Qe6 32. Rf1 Rf8 33. Kg2 f5 34. exf6
Nxg4 35. f7+ Kh7 36. hxg4 Qxg4+ 37. Ng3 Rxf7 38. Qe3 Re7 39. Qd3+ Kg8 40. Rde1
Rce8 41. Rxe7 Rxe7 42. Qf3 Qxf3+ 43. Rxf3 Re1 44. Be3 Rb1 45. Bf2 Rb2 46. Nf5 g6
47. Nh6+ Kg7 48. Nf7 b5 49. Ng5 Kh6 50. Ne6 Bd6 51. Rh3# 1-0

[Event "PRO League Central 2017"]
[Site "chess.com INT"]
[Date "2017.01.18"]
[Round "2"]
[White "Astaneh Lopez, Alex"]
[Black "Souleidis, Georgios"]
[Result "1-0"]
[WhiteTitle "IM"]
[BlackTitle "IM"]
[WhiteElo "2417"]
[BlackElo "2401"]
[WhiteTeam "Dublin Desperados"]
[BlackTeam "Hamburg Swashbucklers"]
[WhiteFideId "2501430"]
[BlackFideId "4206827"]
[EventDate "2017.01.11"]

1. Nf3 Nf6 2. b3 d5 3. Bb2 Bf5 4. e3 e6 5. Bd3 Bxd3 6. cxd3 c5 7. O-O Nc6 8. d4
cxd4 9. Nxd4 Nxd4 10. Bxd4 Bd6 11. f4 O-O 12. Nc3 a6 13. Rc1 Rc8 14. Qe2 b5 15.
d3 Ba3 16. Rc2 Qe7 17. Nb1 Bc5 18. Bxf6 gxf6 19. Rfc1 Rc7 20. d4 Bd6 21. Rxc7
Bxc7 22. Rc6 Ra8 23. Qc2 Bd8 24. Nd2 Ra7 25. g4 Rc7 26. Rc5 Rb7 27. Nf3 Bb6 28.
Rc6 h6 29. h4 Rc7 30. g5 hxg5 31. hxg5 Qd7 32. gxf6 1-0

[Event "PRO League Central 2017"]
[Site "chess.com INT"]
[Date "2017.01.18"]
[Round "2"]
[White "Thorfinnsson, Bragi"]
[Black "Agrest, Evgenij"]
[Result "1/2-1/2"]
[WhiteTitle "IM"]
[BlackTitle "GM"]
[WhiteElo "2453"]
[BlackElo "2593"]
[WhiteTeam "Reykjavik Puffins"]
[BlackTeam "Stockholm Snowballs"]
[WhiteFideId "2300958"]
[BlackFideId "1705024"]
[EventDate "2017.01.11"]

1. d4 d5 2. Bf4 Nf6 3. e3 c5 4. c3 Qb6 5. Qb3 Nc6 6. Nd2 cxd4 7. exd4 Qxb3 8.
axb3 Bf5 9. Ngf3 h6 10. b4 g5 11. Bg3 Bg7 12. Ne5 Nxe5 13. Bxe5 O-O 14. Be2 Nd7
15. Bxg7 Kxg7 16. Nb3 b6 17. Bb5 Rfc8 18. Kd2 Rc7 19. Rhe1 Nf6 20. f3 e6 21. Ra6
Rb8 22. Rea1 Rbb7 23. Nc1 Ng8 24. Bd3 Ne7 25. R6a2 Bxd3 26. Nxd3 Nf5 27. Rc1 Nd6
28. b3 Rc8 29. Rac2 Rbc7 30. Nb2 Nb5 31. Kd3 Rd7 32. Re1 Nd6 33. Ra1 h5 34. Nd1
g4 35. Ne3 gxf3 36. gxf3 Kf6 37. Rg1 Nb5 38. h4 Rdc7 39. c4 dxc4+ 40. bxc4 Nd6
41. Rg5 Rh8 42. c5 bxc5 43. bxc5 Nb7 44. Ra2 Nd8 45. Ra6 Nc6 46. Ke4 Rd8 47. d5
Nb4 48. Ra4 exd5+ 49. Nxd5+ Nxd5 50. Rxd5 Re8+ 51. Kf4 Re1 52. Rxh5 Rc1 53. Ra6+
Kg7 54. Rg5+ Kh7 55. Rf6 Rc4+ 56. Kg3 a5 57. Ra6 R4xc5 58. Rxa5 Rxa5 59. Rxa5
Kg6 60. Kg4 Rc1 61. h5+ Kg7 62. Kf4 Rh1 63. Rg5+ Kh6 64. Rf5 Kg7 65. Kg3 Rg1+
66. Kf4 Rh1 67. Rg5+ Kh6 68. Ra5 Rb1 69. Kf5 Rb6 70. Ra8 Kg7 71. f4 Rb5+ 72. Kg4
Kh6 73. Rh8+ Kg7 74. Ra8 Kh6 75. Ra6+ Kg7 76. h6+ Kh7 77. f5 Rb1 78. Kg5 Rb7 79.
Ra8 Rb6 80. Rf8 Rxh6 81. Rxf7+ Kg8 82. Rb7 Ra6 83. Rc7 Rb6 1/2-1/2

[Event "PRO League Central 2017"]
[Site "chess.com INT"]
[Date "2017.01.18"]
[Round "2"]
[White "Lalic, Bogdan"]
[Black "Pert, Richard G"]
[Result "0-1"]
[WhiteTitle "GM"]
[BlackTitle "IM"]
[WhiteElo "2443"]
[BlackElo "2414"]
[WhiteTeam "London Lions"]
[BlackTeam "London Towers"]
[WhiteFideId "409081"]
[BlackFideId "404748"]
[EventDate "2017.01.11"]

1. d4 e6 2. c4 f5 3. Nf3 Nf6 4. g3 Be7 5. Bg2 O-O 6. O-O d6 7. Nc3 Ne4 8. Nxe4
fxe4 9. Nd2 d5 10. f3 Nc6 11. fxe4 Rxf1+ 12. Nxf1 dxc4 13. Be3 Bd7 14. Qc2 b5
15. Rd1 Qe8 16. b3 cxb3 17. axb3 Rc8 18. Nd2 a5 19. Nf3 Ra8 20. d5 exd5 21. exd5
Bd6 22. Bf2 Nb4 23. Qb2 a4 24. bxa4 bxa4 25. Bd4 a3 26. Qd2 Qe7 27. e4 a2 28.
Kh1 Qxe4 29. Ne5 Qc2 30. Qe1 Bxe5 31. Bxe5 Nd3 32. d6 Nxe1 33. Bd5+ Kh8 34. Rxe1
Qd2 0-1

[Event "PRO League Central 2017"]
[Site "chess.com INT"]
[Date "2017.01.18"]
[Round "2"]
[White "Lalic, Bogdan"]
[Black "Hawkins, Jonathan"]
[Result "0-1"]
[WhiteTitle "GM"]
[BlackTitle "GM"]
[WhiteElo "2443"]
[BlackElo "2583"]
[WhiteTeam "London Lions"]
[BlackTeam "London Towers"]
[WhiteFideId "409081"]
[BlackFideId "412686"]
[EventDate "2017.01.11"]

1. d4 Nf6 2. c4 e6 3. Nf3 d5 4. g3 dxc4 5. Bg2 Nc6 6. O-O Rb8 7. e3 b5 8. Qe2
Be7 9. Rd1 O-O 10. Nc3 b4 11. Na4 Ba6 12. Ne5 Na5 13. e4 Qe8 14. Nc5 Bxc5 15.
dxc5 Nc6 16. Nxc4 Ne5 17. b3 Nxc4 18. bxc4 e5 19. Bb2 Qe7 20. a3 b3 21. Bc3 Qxc5
22. Bb4 Qxc4 23. Qxc4 Bxc4 24. Bxf8 Kxf8 25. Rd2 c5 26. Rc1 Be6 27. f4 g6 28.
Rb2 Nd7 29. f5 gxf5 30. exf5 Bxf5 31. Bc6 Ke7 32. Rc3 Bc2 33. Ba4 a5 34. Bxb3 c4
35. Rcxc2 cxb3 36. Rc4 Kd6 37. Rd2+ Ke6 38. Rc6+ Kf5 39. Rb2 a4 40. Rc4 Ra8 41.
Rd2 Ra7 42. Kf2 Nf6 43. Kf3 h5 44. h3 Ra5 45. g4+ hxg4+ 46. hxg4+ Kg5 47. Kg3
Nd5 48. Re2 f6 49. Rc8 Kg6 50. Rc4 Nf4 51. Rd2 Rb5 52. Rb2 Ra5 53. Rd2 Ne6 54.
Rb4 Nd4 55. Rb2 Nc2 56. Rb6 Kf7 57. Rb1 Nxa3 58. Rf1 Nc4 59. Rbxf6+ Ke7 60. Rc6
Nd6 61. Rb6 Rb5 62. Ra6 b2 63. Rb1 Ne4+ 64. Kh4 Nc3 65. Rxb2 Rxb2 66. g5 e4 0-1

[Event "PRO League Central 2017"]
[Site "chess.com INT"]
[Date "2017.01.18"]
[Round "2"]
[White "Bacrot, Etienne"]
[Black "Perez, Flavio"]
[Result "1-0"]
[WhiteTitle "GM"]
[WhiteElo "2695"]
[BlackElo "2304"]
[WhiteTeam "Marseille Migraines"]
[BlackTeam "Cannes Blockbusters"]
[WhiteFideId "605506"]
[BlackFideId "623911"]
[EventDate "2017.01.11"]

1. e4 g6 2. d4 Bg7 3. Bc4 d6 4. Nf3 e6 5. O-O Ne7 6. Bb3 O-O 7. c3 c5 8. Be3 b6
9. Nbd2 Bb7 10. Re1 Nd7 11. h3 b5 12. Bc2 e5 13. Nf1 Nc6 14. Qd2 cxd4 15. cxd4
exd4 16. Nxd4 Nde5 17. b3 b4 18. Rad1 Qa5 19. Bb1 Rac8 20. f4 Nd7 21. Nxc6 Rxc6
22. Bd4 Nc5 23. Bxg7 Kxg7 24. Ne3 Ra6 25. Nc4 Qd8 26. Nxd6 Ba8 27. Qd4+ Qf6 28.
e5 1-0

[Event "PRO League Central 2017"]
[Site "chess.com INT"]
[Date "2017.01.18"]
[Round "2"]
[White "Bacrot, Etienne"]
[Black "Cornette, Matthieu"]
[Result "1-0"]
[WhiteTitle "GM"]
[BlackTitle "GM"]
[WhiteElo "2695"]
[BlackElo "2586"]
[WhiteTeam "Marseille Migraines"]
[BlackTeam "Cannes Blockbusters"]
[WhiteFideId "605506"]
[BlackFideId "620084"]
[EventDate "2017.01.11"]

1. d4 Nf6 2. Nf3 e6 3. e3 d5 4. b3 b6 5. Bd3 Bb7 6. O-O Bd6 7. c4 O-O 8. Bb2
Nbd7 9. Nc3 a6 10. Qe2 Ne4 11. Rfd1 Qe7 12. Rac1 f5 13. h3 Rf7 14. Bb1 Raf8 15.
a4 Rf6 16. Ne5 Nxe5 17. dxe5 Bxe5 18. Nxe4 Bxb2 19. Nxf6+ Qxf6 20. Rc2 Be5 21.
Rcd2 Bc3 22. Rd3 dxc4 23. bxc4 Bc6 24. Qa2 Bb4 25. Kf1 Bc5 26. Qd2 Bxa4 27. Bc2
Bc6 28. Rd8 Rxd8 29. Qxd8+ Qxd8 30. Rxd8+ Kf7 31. g4 g6 32. Rc8 Bd6 33. g5 a5
34. Ke2 a4 35. h4 a3 36. Bb3 Be4 37. Ba2 Bb7 38. Rh8 Kg7 39. Rb8 Bc6 40. c5 Bxc5
41. Bxe6 h5 42. Rg8+ Kh7 43. Rc8 Bd6 44. Ba2 b5 45. Kd3 Be4+ 46. Kd2 b4 47. Rd8
Bc6 48. Bb3 Ba4 49. Bxa4 a2 50. Rd7+ Kh8 51. Rd8+ Kg7 52. Rd7+ Kf8 53. Rd8+ Ke7
54. Re8+ Kf7 55. Ra8 a1=N 56. Be8+ Ke7 57. Bxg6 Nb3+ 58. Kc2 Nc5 59. Bxf5 b3+
60. Kb1 Be5 61. f4 Bc3 62. Ra7 Kd6 63. g6 b2 64. e4 Nb3 65. e5+ Kc5 66. Rxc7+
Kb4 67. Rb7+ Ka3 68. Rxb3+ Kxb3 69. g7 1-0

[Event "PRO League Central 2017"]
[Site "chess.com INT"]
[Date "2017.01.18"]
[Round "2"]
[White "O'Donnell, Conor"]
[Black "Svane, Rasmus"]
[Result "0-1"]
[WhiteTitle "FM"]
[BlackTitle "GM"]
[WhiteElo "2342"]
[BlackElo "2560"]
[WhiteTeam "Dublin Desperados"]
[BlackTeam "Hamburg Swashbucklers"]
[WhiteFideId "2504243"]
[BlackFideId "4657101"]
[EventDate "2017.01.11"]

1. d4 Nf6 2. c4 e6 3. Nc3 Bb4 4. Qc2 b6 5. e4 c5 6. d5 Qe7 7. Be2 exd5 8. exd5
Qe4 9. Qd2 Bxc3 10. Qxc3 O-O 11. Bg5 Ng4 12. Nf3 b5 13. h3 Re8 14. O-O b4 15.
Qd2 Ne5 16. Rae1 f6 17. Bd3 Qxf3 18. gxf3 fxg5 19. Be4 d6 20. Qxg5 h6 21. Qh5
Rf8 22. f4 Ned7 23. Bf5 Nf6 24. Qg6 Bxf5 25. Qxf5 Rf7 26. Qe6 Nbd7 27. Qxd6 Raf8
28. Re7 Rxe7 29. Qxe7 Rf7 30. Qe6 Nh5 31. f5 Nf4 32. Qe8+ Nf8 33. Kh2 Nh5 34.
Qe3 Rxf5 35. Qxc5 Rf3 36. Kg2 Rd3 37. f4 Rd2+ 38. Rf2 Nxf4+ 39. Kf3 Nd3 40. Qe3
Rxf2+ 41. Kg3 Ng6 42. Qxd3 Rg2+ 43. Kf3 Ne5+ 44. Kxg2 Nxd3 45. Kf3 Kf7 46. Ke4
Nxb2 47. c5 Ke7 48. Ke5 Nc4+ 49. Kd4 Na3 50. Ke5 Nc4+ 51. Kd4 Na5 52. Ke5 g5 53.
c6 Nxc6+ 54. dxc6 a5 55. Kd5 a4 56. Kc4 Kd6 57. Kb5 Kc7 58. Kxa4 h5 59. Kxb4 g4
60. hxg4 hxg4 61. a4 g3 62. a5 g2 63. a6 g1=Q 0-1